<The> New American Political System
Enregistré dans:
| Autres auteurs: | |
|---|---|
| Format: | Livre |
| Langue: | anglais |
| Publié: |
Washington
The AEI Press
1990
|
| Édition: | 2. ed. |
| Sujets: | |
| Tags: |
Pas de tags, Soyez le premier à ajouter un tag!
|
MARC
| LEADER | 00000nam a2200000 4500 | ||
|---|---|---|---|
| 001 | c019362 | ||
| 005 | 20221215114209.5 | ||
| 020 | |a 0-8447-3709-7 | ||
| 041 | 0 | |a eng | |
| 044 | |a US | ||
| 245 | 1 | 0 | |a <The> New American Political System |c Edit. Anthony King |
| 250 | |a 2. ed. | ||
| 264 | 1 | |a Washington |b The AEI Press |c 1990 | |
| 300 | |a 348 s. | ||
| 610 | 2 | 0 | |a politika |
| 610 | 2 | 0 | |a štát |
| 610 | 2 | 0 | |a vláda |
| 610 | 2 | 0 | |a prezidenti |
| 610 | 2 | 0 | |a legislatíva |
| 610 | 2 | 0 | |a zákonodarstvo |
| 610 | 2 | 0 | |a strany politické |
| 610 | 2 | 0 | |a súdnictvo |
| 610 | 2 | 0 | |a orgány štátne |
| 610 | 2 | 0 | |a orgány zastupiteľské |
| 610 | 2 | 0 | |a parlamenty |
| 610 | 2 | 0 | |a USA |
| 610 | 2 | 0 | |a organizácia politická |
| 700 | 1 | |a King, Anthony | |